| 000 | 00698nam a2200229Ia 4500 | ||
|---|---|---|---|
| 003 | GCL | ||
| 008 | 140319s9999 xx 000 0 ara d | ||
| 040 |
_aGCL / _cGCL |
||
| 082 | 0 | 4 |
_a953.09 _bم ت |
| 100 | 1 | _aمحمد فريد | |
| 245 | 1 | 0 |
_aتاريخ الدولة العلية العثمانية / _cمحمد فريد |
| 260 |
_a[S.N] : _bمكتبة الاداب ، _c1974 |
||
| 300 | _a406 ص | ||
| 490 | _a | ||
| 650 | 0 | 4 | _aتاريخ |
| 650 | 0 | 4 | _aالاحوال السياسية |
| 650 | 0 | 4 | _aالعلاقات الخارجية |
| 650 | 0 | 4 | _aتركيا |
| 650 | 0 | 4 | _aاوربا |
| 650 | 0 | 4 | _aالعالم العربى - تاريخ - العصر العثمانى |
| 942 |
_2ddc _cBK |
||
| 999 |
_c31084 _d31084 |
||